Erläuterungen zu meiner Griechischen Schulgrammatik /

Hlavní autor: Curtius, Georg, 1820-1885
Jazyk: Němčina
Vydáno: Prag : Tempsky, 1863
Témata:
Fyzický popis: 210 s.
Knihy
Uloženo v:
LEADER 00658nam a2200217 a 4500
001 000675397
003 CZ BrMZK
005 20200110134445.0
007 ta
008 030626s1863 xr f ger d
015 |a cnb002282235 
040 |a BOA001  |b cze  |c BOA001 
100 1 |a Curtius, Georg,  |d 1820-1885  |7 mzk2004230939  |4 aut 
245 1 0 |a Erläuterungen zu meiner Griechischen Schulgrammatik /  |c Georg Curtius 
260 |a Prag :  |b Tempsky,  |c 1863 
300 |a 210 s. 
910 |a BOA001  |b 2-0009.664 
964 |a Bohemika - stol. 19. 
990 |a BK 
993 |a Y 
996 6 |b BC-102433  |c 2-0009.664  |l MZK  |r Sklad / do 24 hodin  |n 0  |w 000675397  |u 000010  |a 1  |e BOA001  |j MZK50  |s P